The Chorleywood bread process /

Bibliographic Details
Main Author: Cauvain, Stanley P.
Other Authors: Young, Linda S.
Format: Book
Language:English
Published: Boca Raton : Cambridge, England : CRC Press ; Woodhead, 2006.
Series:Woodhead Publishing in food science, technology, and nutrition.
Subjects:

MARC

Tag First Indicator Second Indicator Subfields
LEADER 00000cam a2200000Ia 4500
001 in00004502206
005 20191203131618.0
008 060711s2006 flua b 001 0 eng d
015 |a GBA663586  |2 bnb 
016 7 |a 013484646  |2 Uk 
020 |a 0849391318 (CRC) 
020 |a 9780849391316 (CRC) 
020 |a 1855739623 (Woodhead) 
020 |a 9781855739628 (Woodhead) 
020 |a 1845691431 (e-book) 
020 |a 9781845691431 (e-book) 
024 3 |a 9781855739628 
024 3 |a 9781845691431 
029 1 |a YDXCP  |b 2415164 
035 |a (OCoLC)ocm70275390 
035 |z (UtOrBLW)41488 
035 |a 59319 
040 |a SITPL  |c SITPL  |d UKM  |d BAKER  |d YDXCP  |d TMV  |d UtOrBLW 
049 |a TMVM  |c 1 
050 4 |a TX769  |b C375c 2006 
060 4 |a TX 769  |b C375c 2006 
082 0 4 |a 664.7523  |2 22 
100 1 |a Cauvain, Stanley P. 
245 1 4 |a The Chorleywood bread process /  |c Stanley P. Cauvain and Linda S. Young. 
264 1 |a Boca Raton :  |b CRC Press ;  |a Cambridge, England :  |b Woodhead,  |c 2006. 
300 |a x, 178 pages :  |b illustrations ;  |c 25 cm. 
336 |a text  |2 rdacontent  |b txt 
337 |a unmediated  |2 rdamedia 
338 |a volume  |2 rdacarrier  |b nc 
490 1 |a Woodhead Publishing in food science, technology and nutrition 
504 |a Includes bibliographical references (pages [167]-175) and index. 
650 0 |a Bread. 
650 0 |a Baking. 
650 2 |a Bread. 
700 1 |a Young, Linda S. 
830 0 |a Woodhead Publishing in food science, technology, and nutrition. 
999 |a MARS 
999 f f |s 96577d95-14d2-32b0-a1af-1b37c749d2c7  |i b0e89623-9b95-3e6a-87d5-ef00fb85e792  |t 0 
952 f f |p ric  |a Texas A&M University  |b Rellis Campus  |c Joint Library Facility  |d Remote Storage  |t 0  |e TX 769 C375c 2006  |h National Library of Medicine classification  |i unmediated -- volume  |m 323890192987I 
998 f f |a TX 769 C375c 2006  |t 0  |l Remote Storage